Beanie Boos - Statistics

General Stats
  • This quiz has been taken 21 times
  • The average score is 5 of 16
Answer Stats
Picture Answer % Correct
Dotty
64%
Kiki
55%
Meadow
55%
Tiggy
55%
Waddles
45%
Noodles
36%
Ethel
27%
Gabby
27%
Joey
27%
Livvie
27%
Whoolie
27%
Coco
18%
Echo
18%
Fetch
18%
Cobalt
9%
Tinseltoes
9%
No matching quizzes found
Score Distribution
Percent of People with Each Score
Percentile by Number Answered
Your Score History
You have not taken this quiz